00718nam a2200205 a 450000100100000000500170001000800410002702000150006804000250008308200200010810000220012824000230015024501610017326000370033430000280037165000120039965000220041170000350043383400440046800002276920200930021804.0101117s1987 mx r 000 | spa d a9684093705 aDO-SdBNPbspacBNPHU a306.0973bS964c1 aSusman, Warren I.10aCulture as history13aLa cultura como historia :btransformación de la sociedad norteamericana en el siglo veinte /cWarren I. Susman; traducción de Rafael Quijano Ramírez. aMéxico D. F. :bEDAMEX,c1987. a367 p. :bil. ;c21 cm. 44CULTURA 4aCulturaxHistoria1 aQuijano Ramírez, Rafaeletr. aTítulo original :tCulture as history